00529nam a2200157Ia 4500008004100000020001800041082001800059100002200077245004000099260004700139300000800186650003100194942001300225999001700238952011600255140316s9999 xx 000 0 und d a9780521172165 a571.4bDIL/BI aDillon,Patrick F. aBiophysics : Physiological Approach aNew YorkbCambridge University Pressc2012 a284 aBiophysiological Phenomena 2ddccREF c21904d21904 00102ddc4070aKAUCLVbKAUCLVcREFd2014-03-18l0o571.4 DIL/BIp222418r2014-03-18 00:00:00w2014-03-18yREF